| 000 | nam a22 7a 4500 | ||
|---|---|---|---|
| 999 |
_c233463 _d233463 |
||
| 003 | Nust | ||
| 005 | 20170308103055.0 | ||
| 008 | 170308b xxu||||| |||| 00| 0 eng d | ||
| 020 | _a9780330442770 | ||
| 040 | _cNust | ||
| 082 |
_a853.914 _bMAN |
||
| 100 | _a Manfredi, Valerio | ||
| 245 |
_aEmpire of dragons/ _cValerio, Manfredi; |
||
| 260 |
_aLondon: _bPan; _c2006 |
||
| 300 | _a400 p. | ||
| 650 | _aValerian, Emperor of Rome | ||
| 942 |
_2ddc _cBK |
||